[Event "North American op 32nd"]
[Site "Las Vegas"]
[Date "2022.12.28"]
[Round "6"]
[White "Kaufman, Raymond"]
[Black "Shawkat, Saif"]
[Result "1/2-1/2"]
[WhiteElo "2174"]
[BlackElo "1938"]
[PlyCount "131"]
[EventDate "2022.12.26"]
[EventType "swiss"]
[EventRounds "9"]
[EventCountry "USA"]
[SourceTitle "CBM 211 Extra"]
[Source "ChessBase"]
[SourceDate "2023.01.31"]
[SourceVersion "1"]
[SourceVersionDate "2023.01.31"]
[SourceQuality "1"]

1. d4 Nf6 2. c4 g6 3. Nc3 Bg7 4. e4 d6 5. Nf3 0-0 6. h3 e5 7. d5 Na6 8. Bg5 c6 9. Nd2 Qb6 10. Rb1 Bd7 11. Be2 Rac8 12. 0-0 h6 13. Be3 Qd8 14. dxc6 bxc6 15. b4 c5 16. a3 Nh7 17. Nb3 cxb4 18. axb4 Nxb4 19. Qxd6 Nc2 20. Bxa7 Be6 21. Qxd8 Rfxd8 22. Bb6 Re8 23. Nd5 Ng5 24. Nc7 Re7 25. h4 Nxe4 26. Bd3 Nc3 27. Nxe6 Rxe6 28. Nc5 Rec6 29. Rb3 Nd4 30. Rxc3 Rxb6 31. Ne4 f5 32. c5 Rbc6 33. Bc4+ Kf8 34. Nd6 R8c7 35. Rb1 Rxc5 36. Rb8+ Ke7 37. Ne8 Rc8 38. Rxc8 Rxc8 39. Nxg7 Ne2+ 40. Bxe2 Rxc3 41. Bb5 Rc8 42. h5 Rg8 43. Ne6 gxh5 44. Nc5 Kd6 45. Nd3 Kd5 46. Bd7 Rf8 47. f4 e4 48. Ne5 Kd4 49. Kf2 e3+ 50. Ke2 Rg8 51. Bc6 Rb8 52. Nf3+ Kc5 53. Bd7 Rb2+ 54. Kxe3 Rxg2 55. Bxf5 Kd6 56. Nh4 Rg1 57. Ng6 Rh1 58. Be4 Re1+ 59. Kd4 Ke6 60. Ne5 Rf1 61. Nf3 h4 62. f5+ Kf6 63. Nxh4 Rf4 64. Ng6 Rxf5 65. Bxf5 Kxf5 66. Nh4+ 1/2-1/2

[Event "US op 122nd"]
[Site "Rancho Mirage"]
[Date "2022.08.06"]
[Round "8"]
[White "Shawkat, Saif"]
[Black "Melikyan, Gnel"]
[Result "0-1"]
[WhiteElo "1965"]
[BlackElo "2140"]
[PlyCount "64"]
[EventDate "2022.07.30"]
[EventType "swiss"]
[EventRounds "9"]
[EventCountry "USA"]
[SourceTitle "CBM 209 Extra"]
[Source "ChessBase"]
[SourceDate "2022.09.30"]
[SourceVersion "1"]
[SourceVersionDate "2022.09.30"]
[SourceQuality "1"]

1. e4 c5 2. Nf3 Nc6 3. Bb5 e6 4. 0-0 Nge7 5. Re1 a6 6. Bf1 d5 7. d3 g6 8. exd5 Nxd5 9. d4 Nf6 10. Be3 cxd4 11. Nxd4 Bd7 12. Na3 Bg7 13. Nc4 0-0 14. Nb3 Nd5 15. Bc5 Nce7 16. Ne5 Ba4 17. c4 Qc7 18. cxd5 Bxb3 19. Qxb3 Qxc5 20. Nd7 Qxd5 21. Qxd5 Nxd5 22. Nxf8 Kxf8 23. Rab1 b5 24. a4 bxa4 25. Rec1 Rb8 26. Rc2 a3 27. b4 Nxb4 28. Ra2 Bb2 29. Rbxb2 axb2 30. Rxb2 a5 31. Rb3 Rc8 32. Ra3 Rc5 0-1

[Event "US op 122nd"]
[Site "Rancho Mirage"]
[Date "2022.08.02"]
[Round "4"]
[White "Moradiabadi, Elshan"]
[Black "Shawkat, Saif"]
[Result "1-0"]
[WhiteElo "2539"]
[BlackElo "1965"]
[PlyCount "43"]
[EventDate "2022.07.30"]
[EventType "swiss"]
[EventRounds "9"]
[EventCountry "USA"]
[SourceTitle "CBM 209 Extra"]
[Source "ChessBase"]
[SourceDate "2022.09.30"]
[SourceVersion "1"]
[SourceVersionDate "2022.09.30"]
[SourceQuality "1"]

1. Nf3 Nf6 2. c4 g6 3. Nc3 Bg7 4. e4 d6 5. d4 0-0 6. Be3 Ng4 7. Bg5 h6 8. Bh4 c5 9. d5 Na6 10. Be2 Nc7 11. 0-0 b5 12. cxb5 a6 13. Nd2 Nf6 14. a4 Rb8 15. Qb3 Qe8 16. b6 a5 17. Nc4 Nd7 18. Nb5 Na8 19. Nxa5 Naxb6 20. Nc6 c4 21. Qc2 g5 22. Nc7 1-0

[Event "North American Blitz op 30th"]
[Site "ICC INT"]
[Date "2020.12.31"]
[Round "6"]
[White "Edidiong, Okpongete"]
[Black "Shawkat, Saif"]
[Result "1-0"]
[WhiteElo "2034"]
[BlackElo "1934"]
[PlyCount "109"]
[EventDate "2020.12.31"]
[EventType "swiss (blitz)"]
[EventRounds "11"]
[EventCountry "USA"]
[SourceTitle "CBM 200 Extra"]
[Source "ChessBase"]
[SourceDate "2021.03.31"]
[SourceVersion "1"]
[SourceVersionDate "2021.03.31"]
[SourceQuality "1"]

1. d4 Nf6 2. Nf3 g6 3. Nc3 d5 4. Bf4 Bg7 5. e3 0-0 6. h3 a6 7. Bd3 c5 8. 0-0 c4 9. Be2 b5 10. Ne5 Bb7 11. a3 Nc6 12. Bf3 Nxe5 13. Bxe5 Ne4 14. Bxg7 Nxc3 15. bxc3 Kxg7 16. Re1 Rc8 17. e4 dxe4 18. Bxe4 Bxe4 19. Rxe4 e6 20. Qf3 Qd5 21. Rae1 Kg8 22. Qf6 Qd8 23. Qf4 Qc7 24. Qh6 Rce8 25. h4 Qe7 26. Rf4 f5 27. Re5 Qg7 28. Qg5 h6 29. Qg3 g5 30. Rf3 Kf7 31. d5 f4 32. Rxe6 Rxe6 33. dxe6+ Kxe6 34. Qg4+ Kf7 35. g3 Kg8 36. hxg5 hxg5 37. gxf4 gxf4 38. Qxg7+ Kxg7 39. Rh3 Rh8 40. Rxh8 Kxh8 41. Kg2 Kg7 42. Kf3 Kf7 43. Kxf4 Kf6 44. Ke4 Ke6 45. f4 a5 46. f5+ Kf6 47. Kf4 Kf7 48. Ke5 Ke7 49. f6+ Kf7 50. Kf5 Kf8 51. Ke6 b4 52. cxb4 c3 53. b5 a4 54. f7 Kg7 55. Ke7 1-0

[Event "North American Blitz op 30th"]
[Site "ICC INT"]
[Date "2020.12.31"]
[Round "9"]
[White "Igwubor, Kikosem"]
[Black "Shawkat, Saif"]
[Result "1-0"]
[WhiteElo "2101"]
[BlackElo "1934"]
[PlyCount "85"]
[EventDate "2020.12.31"]
[EventType "swiss (blitz)"]
[EventRounds "11"]
[EventCountry "USA"]
[SourceTitle "CBM 200 Extra"]
[Source "ChessBase"]
[SourceDate "2021.03.31"]
[SourceVersion "1"]
[SourceVersionDate "2021.03.31"]
[SourceQuality "1"]

1. g3 d5 2. Bg2 Nf6 3. c4 c6 4. Nf3 g6 5. 0-0 Bg7 6. Qc2 0-0 7. d3 Nbd7 8. Nc3 e5 9. cxd5 Nxd5 10. Bd2 Re8 11. a3 Nf8 12. Rab1 Ne6 13. e3 a5 14. Rfd1 Qe7 15. Be1 Nec7 16. e4 Nb6 17. d4 exd4 18. Nxd4 Ne6 19. Nce2 Nxd4 20. Nxd4 Bg4 21. f3 Be6 22. Bf2 Nd7 23. Qd2 Ne5 24. Nxe6 Qxe6 25. Bd4 Rad8 26. Qf2 c5 27. Bxe5 Qxe5 28. Rxd8 Rxd8 29. f4 Qc7 30. e5 Rd4 31. Rc1 Qd7 32. Qf3 b6 33. Qa8+ Bf8 34. Qc6 Rd1+ 35. Rxd1 Qxd1+ 36. Bf1 Qd4+ 37. Kg2 Qxb2+ 38. Kh3 Qb3 39. Kg2 Qe6 40. Qe4 Qa2+ 41. Kh3 Be7 42. Bc4 Qxa3 43. Qd5 1-0

[Event "North American Blitz op 30th"]
[Site "ICC INT"]
[Date "2020.12.31"]
[Round "4"]
[White "Shawkat, Saif"]
[Black "Lopez, Francisco2222"]
[Result "1-0"]
[WhiteElo "1934"]
[BlackElo "1423"]
[PlyCount "49"]
[EventDate "2020.12.31"]
[EventType "swiss (blitz)"]
[EventRounds "11"]
[EventCountry "USA"]
[SourceTitle "CBM 200 Extra"]
[Source "ChessBase"]
[SourceDate "2021.03.31"]
[SourceVersion "1"]
[SourceVersionDate "2021.03.31"]
[SourceQuality "1"]

1. e4 d5 2. exd5 Qxd5 3. Nc3 Qd6 4. d4 c6 5. Bc4 Nf6 6. Nf3 Bf5 7. 0-0 e6 8. Ne5 Qc7 9. g4 Bg6 10. h4 Bd6 11. Bf4 Be4 12. g5 Nd5 13. Bxd5 Bxd5 14. Nxd5 cxd5 15. c4 Bxe5 16. Bxe5 Qxc4 17. Rc1 Qxc1 18. Qxc1 Nc6 19. Bxg7 Rg8 20. Bf6 Rg6 21. h5 Rg8 22. Qc2 h6 23. Qh7 Rxg5+ 24. Bxg5 hxg5 25. Qh8+ 1-0

[Event "North American-ch U20"]
[Site "Charlotte"]
[Date "2019.06.29"]
[Round "8"]
[White "Zhu, Neo"]
[Black "Shawkat, Saif"]
[Result "0-1"]
[WhiteElo "2044"]
[BlackElo "1948"]
[PlyCount "164"]
[EventDate "2019.06.26"]
[EventType "swiss"]
[EventRounds "9"]
[EventCountry "USA"]
[SourceTitle "CBM 191 Extra"]
[Source "ChessBase"]
[SourceDate "2019.09.30"]
[SourceVersion "1"]
[SourceVersionDate "2019.09.30"]
[SourceQuality "1"]

1. e4 e5 2. Nf3 Nc6 3. Bb5 a6 4. Ba4 Nf6 5. 0-0 Be7 6. Re1 b5 7. Bb3 d6 8. c3 0-0 9. h3 Nb8 10. d4 Nbd7 11. a4 Bb7 12. Bc2 Re8 13. Bd3 c6 14. Nbd2 Bf8 15. Nf1 g6 16. Bg5 h6 17. Bd2 Bg7 18. Ng3 Qc7 19. Qc1 Kh7 20. Nh4 c5 21. d5 c4 22. Bc2 Nc5 23. axb5 axb5 24. Rxa8 Rxa8 25. f4 exf4 26. Bxf4 Nfd7 27. Nf3 Ne5 28. Nxe5 dxe5 29. Be3 h5 30. Rf1 Kg8 31. Qd2 Nd7 32. Kh1 Nf8 33. Qf2 Ra2 34. Bb1 Ra1 35. Bb6 Qd7 36. Bc5 Nh7 37. Qd2 Ra6 38. Bc2 Ra2 39. Bb1 Ra6 40. Ne2 Rf6 41. Rxf6 Bxf6 42. b3 cxb3 43. Nc1 Bg5 44. Be3 Bxe3 45. Qxe3 Nf6 46. Qf3 Nxd5 47. exd5 Bxd5 48. Qe3 Qc6 49. Qd2 Qf6 50. Kg1 Bc4 51. Bd3 Qd6 52. Qe2 b2 53. Qxb2 Bxd3 54. Qd2 Qc5+ 55. Kh1 Bc4 56. Qe1 Qd5 57. Kh2 e4 58. Qe3 Qe5+ 59. Kg1 Kg7 60. Kf2 g5 61. g3 h4 62. Ne2 Bxe2 63. Kxe2 hxg3 64. Ke1 Kg6 65. Ke2 Qf4 66. Qb6+ f6 67. Qxb5 Qf3+ 68. Ke1 Qe3+ 69. Qe2 Qxc3+ 70. Kf1 Qf3+ 71. Qxf3 exf3 72. Kg1 Kh5 73. Kf1 Kh4 74. Kg1 Kxh3 75. Kh1 g4 76. Kg1 f2+ 77. Kf1 Kh2 78. Ke2 g2 79. Kxf2 g1Q+ 80. Ke2 Qd4 81. Kf1 Qb2 82. Ke1 g3 0-1

[Event "US Open-119"]
[Site "Middleton"]
[Date "2018.08.05"]
[Round "9"]
[White "Shawkat, Saif"]
[Black "Bloomer, Josh S"]
[Result "0-1"]
[WhiteElo "1919"]
[BlackElo "1886"]
[PlyCount "70"]
[EventDate "2018.07.28"]
[EventType "swiss"]
[EventRounds "9"]
[EventCountry "USA"]
[SourceTitle "CBM 185 Extra"]
[Source "ChessBase"]
[SourceDate "2018.07.29"]
[SourceVersion "1"]
[SourceVersionDate "2018.07.29"]
[SourceQuality "1"]

1. d4 Nf6 2. c4 g6 3. Nc3 Bg7 4. e4 d6 5. Nf3 0-0 6. Be2 e5 7. 0-0 Na6 8. Be3 exd4 9. Nxd4 Re8 10. f3 c6 11. Bf2 Nc7 12. Qb3 Nh5 13. Rfd1 Nf4 14. Bf1 Qe7 15. g3 Nfe6 16. Nde2 b6 17. Bg2 Ba6 18. Qa4 Bb7 19. Rd2 Nc5 20. Qd1 d5 21. cxd5 cxd5 22. exd5 Nxd5 23. Nxd5 Bxd5 24. Nf4 Bc6 25. Rc1 Qb7 26. Bd4 Bh6 27. b4 Ne6 28. Nxe6 Rxe6 29. f4 Bxg2 30. Rxg2 Rd8 31. Rd2 Red6 32. Be3 Rxd2 33. Bxd2 Qd5 34. Rc2 Bg7 35. h3 Bd4+ 0-1

[Event "Las Vegas National op"]
[Site "Las Vegas"]
[Date "2018.06.24"]
[Round "6"]
[White "Kitsis, Stanislav"]
[Black "Shawkat, Saif"]
[Result "1-0"]
[WhiteElo "2077"]
[BlackElo "1982"]
[PlyCount "45"]
[EventDate "2018.06.21"]
[EventType "swiss"]
[EventRounds "7"]
[EventCountry "USA"]
[SourceTitle "CBM 185 Extra"]
[Source "ChessBase"]
[SourceDate "2018.07.29"]
[SourceVersion "1"]
[SourceVersionDate "2018.07.29"]
[SourceQuality "1"]

1. d4 Nf6 2. Bf4 g6 3. Nc3 c5 4. e3 Bg7 5. Be2 0-0 6. h4 d5 7. h5 Nc6 8. hxg6 fxg6 9. Bf3 cxd4 10. exd4 Ne4 11. Be3 Nxc3 12. bxc3 e5 13. dxe5 Be6 14. Bg4 Qd7 15. Bxe6+ Qxe6 16. f4 Nxe5 17. fxe5 Bxe5 18. Qd3 Bg3+ 19. Kd2 Rae8 20. Ne2 Bf2 21. Rh3 d4 22. cxd4 Qd5 23. Qb3 1-0